000 00433nam a2200169Ia 4500
001 9411
003 IN-NITTTR
005 20251114233047.0
008 251113s9999||||xx |||||||||||||| ||eng||
040 _beng
040 _cIN-NITTTR
041 _aeng
082 _a370 G798S
100 _aGreat Britain. Department of Education.,
245 0 _aStatistics of education /
_cGreat Britain. Department of Education.
942 _2ddc
_cBK
999 _c12048
_d12048